000 00311nam a22001337a 4500
008 170810b xxu||||| |||| 00| 0 eng d
020 _a0122218804
041 _aeng
080 _a004
100 _a35
101 _aSHKI
245 _aTHE ART AND THEORY OF DYNAMIC PROGRAMMING
_cDREYFUS, S.E
942 _2udc
_cBK
999 _c23133
_d23133